Statistics for AP Calculus AB #2

Click here to take the quiz!

General Stats

  • This quiz has been taken 10 times
  • The average score is 4 of 8

Answer Stats

HintAnswer% Correct
Unit 3Differentiation: Composite, Inverse, and Implicit Functions
83%
Unit 2Differentiation: Definition and Fundamental Properties
83%
Unit 1Limits and Continuity
67%
Unit 8Applications of Integration
50%
Unit 7Differential Equations
33%
Unit 5Analytical Applications of Differentiation
17%
Unit 4Contextual Applications of Differentiation
17%
Unit 6Integration and Accumulation of Change
17%

Score Distribution

Percentile by Number Answered

Percent of People with Each Score

Your Score History

You have not taken this quiz